| 000 | 00592nam a2200217Ia 4500 | ||
|---|---|---|---|
| 003 | BUBTL | ||
| 008 | 151213s9999 xx 000 0 und d | ||
| 020 | _a978853260124 | ||
| 082 | _a823.8/ D554o/ 1992 | ||
| 100 |
_a Dickens, Charles _94207 |
||
| 245 |
_aOliver Twist : _cCharles Dickens |
||
| 250 | _a1st Edn. | ||
| 260 |
_aLondon _bWords Warth Classics _cc1992 |
||
| 300 |
_a[xxv],373p. : _c20 cm |
||
| 650 | _aEnglish | ||
| 650 | _aEnglish Literature | ||
| 700 |
_aCharles Dickens _95036 |
||
| 856 |
_k0 _l0 _yDownload |
||
| 942 |
_2ddc _cBK |
||
| 999 |
_c4027 _d4027 |
||